| 000 | 00000nam##2200000za#4500 |
| 001 | 9.643261 |
| 003 | CaOODSP |
| 005 | 20210624224104 |
| 007 | cr ||||||||||| |
| 008 | 150407|1979||||xxc|||||o f|0| 0 fre|d |
| 040 | |aCaOODSP|bfre |
| 043 | |an-cn--- |
| 086 | 1 |aA53-1675/1979F-PDF |
| 110 | 1 |aCanada.|bAgriculture Canada. |bDirection générale de recherche. |
| 245 | 13|aLa culture du rosier de jardin / |h[ressource électronique]|c[par] T.J. Cole. |
| 260 | |aOttawa - Ontario : |bAgriculture Canada. |c1979. |
| 300 | |a32p.|bill., cartes, photographies |
| 500 | |aPublication historique numérisée par Agriculture et Agroalimentaire Canada. |
| 590 | |a14-11-Supp|b2014-05-21 |
| 691 | 07|aJardinage|2gcpds |
| 691 | 07|aPlante ornementale|2gcpds |
| 691 | 07|aHorticulture|2gcpds |
| 720 | 1 |aFairey, D. T. |
| 775 | 08|tGrowing roses / |w(CaOODSP)9.699285 |
| 856 | 40|ahttp://publications.gc.ca|qPDF|s2 Mo|uhttps://publications.gc.ca/collections/collection_2014/aac-aafc/agrhist/A53-1675-1979-fra.pdf |
| 986 | |a1675 |